Nicki Minaj - Pound The Alarm (lyrics) - Statistics

General Stats
  • This quiz has been taken 62 times
  • The average score is 241 of 314
Answer Stats
Answer % Correct
I
100%
the
100%
The
100%
a
97%
and
95%
me
92%
me,
92%
Pound
92%
We
92%
we
92%
alarm
90%
do
90%
it
87%
little
87%
to
87%
Yo,
87%
Come
85%
more
85%
my
85%
Oh,
85%
oh,
85%
oh
85%
You
85%
you
85%
get
82%
go
82%
up
82%
fill
79%
glass
79%
I'm
79%
So
79%
that
79%
call
77%
down
77%
let
77%
Nicki
77%
Sexy
77%
Sexy,
77%
sexy
77%
this
77%
'bout
74%
getting
74%
hotter
74%
hotter,
74%
know
74%
shut
74%
Some
74%
some
74%
what
74%
bitch,
72%
burn
72%
floor
72%
no
72%
own
72%
show
72%
gotta
69%
high
69%
in
69%
let's
69%
Music
69%
them
69%
these
69%
all
67%
bad
67%
girls
67%
girls,
67%
makes
67%
Roman
67%
If
64%
Ibiza,
59%
need
59%
turn
59%
for
56%
just
56%
life,
56%
that's
56%
few
54%
night,
54%
night
54%
wanna
54%
bottle,
51%
Bottle,
51%
like
51%
like,
51%
muzzle,
51%
not
51%
sip,
51%
baby,
49%
Baby,
49%
'em
49%
now
49%
out
49%
tonight,
49%
want
49%
younger
49%
on
46%
we're
46%
guzzle
44%
is
44%
over
44%
won't
44%
good
41%
hey
41%
Okay,
41%
sneaker
41%
(uh)
41%
see
38%
skirts
38%
Giuseppe
36%
mini
36%
Skeeza,
36%
pleeza,
31%
whoa
31%
Zannotti
31%
knock
28%
Pumps
28%
No matching quizzes found
Score Distribution
Percent of People with Each Score
Percentile by Number Answered
Your Score History
You have not taken this quiz